LEADER 04695nam 22014415 450 001 9910154748703321 005 20190708092533.0 010 $a1-4008-8219-2 024 7 $a10.1515/9781400882199 035 $a(CKB)3710000000627297 035 $a(MiAaPQ)EBC4738683 035 $a(DE-B1597)468013 035 $a(OCoLC)979760050 035 $a(DE-B1597)9781400882199 035 $a(EXLCZ)993710000000627297 100 $a20190708d2016 fg 101 0 $aeng 135 $aurcnu|||||||| 181 $2rdacontent 182 $2rdamedia 183 $2rdacarrier 200 10$aConvergence and Uniformity in Topology. (AM-2), Volume 2 /$fJohn W. Tukey 210 1$aPrinceton, NJ : $cPrinceton University Press, $d[2016] 210 4$dİ1941 215 $a1 online resource (108 pages) 225 0 $aAnnals of Mathematics Studies ;$v281 300 $a"Lithoprinted." 300 $a"In large part this material is drawn from my doctor's thesis (Princeton University, 1939)"-Introduction. 311 $a0-691-09568-X 320 $aIncludes bibliographical references and index. 327 $tFrontmatter -- $tIntroduction -- $tContents -- $tGeneral Usage of The Alphabets -- $tSpecial Usage of The Alphabets -- $tUsage of General Symbols -- $tChapter I. Ordering -- $tChapter II. Direction -- $tChapter III. Convergence -- $tChapter IV. Compactness -- $tChapter V. Normality -- $tChapter VI. Structs -- $tChapter VII. Function - Spaces -- $tChapter VIII. Examples -- $tChapter IX. Discussion -- $tBibliography -- $tIndex 330 $aThe description for this book, Convergence and Uniformity in Topology. (AM-2), Volume 2, will be forthcoming. 410 0$aAnnals of mathematics studies ;$vno. 2. 606 $aTopology 610 $aAbsolute value. 610 $aAbstract algebra. 610 $aAlgebraic topology. 610 $aAxiom of choice. 610 $aBinary relation. 610 $aCardinal number. 610 $aCharacteristic function (probability theory). 610 $aClosed set. 610 $aClosure operator. 610 $aCombinatorial topology. 610 $aCompact space. 610 $aComplete lattice. 610 $aComplete metric space. 610 $aContinuous function (set theory). 610 $aContinuous function. 610 $aCountable set. 610 $aCounterexample. 610 $aDimension theory (algebra). 610 $aDimension theory. 610 $aDiscrete space. 610 $aDomain of a function. 610 $aEmpty set. 610 $aEnumeration. 610 $aEquivalence class. 610 $aEquivalence relation. 610 $aExistential quantification. 610 $aFamily of sets. 610 $aFinite set. 610 $aGeneral topology. 610 $aGeometry. 610 $aHahn?Banach theorem. 610 $aHausdorff space. 610 $aHomeomorphism. 610 $aInfimum and supremum. 610 $aInteger. 610 $aInterval (mathematics). 610 $aLebesgue constant (interpolation). 610 $aLimit point. 610 $aLinear space (geometry). 610 $aMathematician. 610 $aMathematics. 610 $aMaximal element. 610 $aMetric space. 610 $aMonotonic function. 610 $aMutual exclusivity. 610 $aNatural number. 610 $aNegation. 610 $aNormal space. 610 $aOpen set. 610 $aOrdinal number. 610 $aReal number. 610 $aRegular space. 610 $aRequirement. 610 $aScientific notation. 610 $aSeparation axiom. 610 $aSet (mathematics). 610 $aSet theory. 610 $aSpecial case. 610 $aSubsequence. 610 $aSubset. 610 $aSuggestion. 610 $aSummation. 610 $aSuperspace. 610 $aTheorem. 610 $aTheory. 610 $aTopological algebra. 610 $aTopology. 610 $aTotal order. 610 $aTransfinite induction. 610 $aTransfinite number. 610 $aTransfinite. 610 $aTransitive relation. 610 $aTychonoff space. 610 $aUltrafilter. 610 $aUncountable set. 610 $aUniform continuity. 610 $aUnion (set theory). 610 $aUpper and lower bounds. 610 $aZorn's lemma. 615 0$aTopology. 676 $a510.82 676 $a513.83 700 $aTukey$b John W., $0439550 801 0$bDE-B1597 801 1$bDE-B1597 906 $aBOOK 912 $a9910154748703321 996 $aConvergence and Uniformity in Topology. (AM-2), Volume 2$92785667 997 $aUNINA LEADER 02461oam 2200565I 450 001 9910151713903321 005 20240501163010.0 010 $a1-317-39680-4 010 $a1-315-68031-9 010 $a1-317-39681-2 024 7 $a10.4324/9781315680316 035 $a(CKB)3710000000952427 035 $a(MiAaPQ)EBC4745781 035 $a(OCoLC)968162364 035 $a(BIP)63334950 035 $a(BIP)55747360 035 $a(EXLCZ)993710000000952427 100 $a20180706d2017 uy 0 101 0 $aeng 135 $aurcnu|||||||| 181 $2rdacontent 182 $2rdamedia 183 $2rdacarrier 200 10$aDesign management /$fStephen Emmitt 205 $a1st ed. 210 1$aLondon ;$aNew York :$cRoutledge,$d2017. 215 $a1 online resource (182 pages) $cillustrations, tables 225 1 $aPocketArchitecture: Technical Design Series 311 08$a1-138-93066-0 311 08$a1-138-93065-2 320 $aIncludes bibliographical references and index. 327 $aFundamentals -- Application : project case studies. 330 $aThis is a design guide for architects, engineers and contractors concerning the principles and application of design management. This book addresses the value that design management and design managers contribute to construction projects. As part of the PocketArchitecture series, Design Management is divided into two parts: Fundamentals and Application. In Part 1, Fundamentals, the chapters address the why, what, how and when questions in a simple and informative style, illustrated with vignettes from design management professionals. In Part 2, case studies from Colombia, Norway and the USA represent unique examples of the application of design management. This book offers a concise overview of design management for postgraduate students and early career design managers. 410 0$aPocketArchitecture, technical design series. 606 $aArchitectural design 606 $aArchitectural practice$xManagement 606 $aConstruction industry$xManagement 615 0$aArchitectural design. 615 0$aArchitectural practice$xManagement. 615 0$aConstruction industry$xManagement. 676 $a729 676 $a729 700 $aEmmitt$b Stephen.$0856066 801 0$bMiAaPQ 801 1$bMiAaPQ 801 2$bMiAaPQ 906 $aBOOK 912 $a9910151713903321 996 $aDesign management$92058530 997 $aUNINA